000 00746cam a2200241 a 4500
001 4469267
005 20180223070547.0
008 960116s1996 maua bf 001 0 eng c
010 _a 96004703
020 _a0316920487
040 _aDNLM/DLC
_cDLC
_dDLC
041 _aeng
060 1 0 _aQY 25 W195i 1996
080 _a616.075 wal
082 0 0 _a616.075 wal
_220
100 1 _a5
101 _ashm
245 1 0 _aInterpretation of diagnostic tests /
_cJacques Wallach.
504 _aIncludes bibliographical references and index.
906 _a7
_bcbc
_corignew
_d1
_eocip
_f19
_gy-gencatlg
942 _2ddc
_cBK
999 _c43235
_d43235